000 00855nam0a22002651 4500
001 rc\105409
005 20250620183040.0
010 _a0-87083-705-2
_91500
035 _a(NLR Aleph) 005367390
090 _a6963415
_c6963415
100 _a20021216d1995 |||y0rusy50 ca
101 0 _arus
102 _aRU
105 _ay |||||||||
200 1 _aКлючевое откровение жизни в Писании
_e[Пер. с англ.]
210 _aМ.
_cБ. и.
_d[1995]
215 _a176 с.
_d22
300 _aПер. изд.: The crucial revelation of life in the Scriptures / Witness Lee (Anaheim, 1995)
300 _aНа тит. л.: Анахайм: Живой поток, 1995
700 1 _aЛи
_bУ.
_f-1997
_gУитнесс
801 0 _aRU
_bNLR
_gpsbo
801 1 _aRU
_bELAR
_2rusmarc
852 _aNLR
_j95-3/8528
942 _cBOOK
980 _aNB